[Event "Olympiad Women-45"]
[Site "Budapest"]
[Date "2024.09.14"]
[Round "4.40"]
[White "Fabra, Nahiara"]
[Black "Rivera, Ingris"]
[Result "0-1"]
[WhiteElo "1932"]
[BlackElo "2171"]
[PlyCount "82"]
[EventDate "2024.09.11"]
[EventType "team-swiss"]
[EventRounds "11"]
[EventCountry "HUN"]
[SourceTitle "CB38_2024"]
[SourceDate "2024.09.18"]
[SourceVersion "1"]
[SourceVersionDate "2024.09.18"]
[SourceQuality "1"]
[WhiteTeam "Uruguay (W)"]
[BlackTeam "Colombia (W)"]
[WhiteTeamCountry "URU"]
[BlackTeamCountry "COL"]

1. e4 d6 2. d4 Nf6 3. Nc3 g6 4. f4 Bg7 5. Nf3 0-0 6. Bd3 c5 7. dxc5 dxc5 8. 0-0 Nc6 9. e5 Nd5 10. Ne4 Bf5 11. c3 c4 12. Bc2 Qb6+ 13. Kh1 Ne3 14. Bxe3 Qxe3 15. Qc1 Qb6 16. Nh4 Bc8 17. Nd2 Be6 18. Ndf3 Bh6 19. Rb1 Rad8 20. Ng1 Nxe5 21. Qe1 Nd3 22. Qg3 Qc7 23. Ne2 Bg7 24. Rfd1 Nc5 25. Nf3 Bd5 26. Ned4 Be4 27. Ne5 Bxc2 28. Nxc2 Ne6 29. Re1 Rd2 30. Ne3 b5 31. N3g4 Rfd8 32. Nf3 R2d5 33. Nge5 Nc5 34. Nd4 a6 35. Qe3 Nd3 36. Re2 Nxf4 37. Qxf4 Bxe5 38. Qe4 Bxd4 39. cxd4 Rxd4 40. Qxe7 Rd1+ 41. Re1 Qxe7 0-1

[Event "Medellin Castro Memorial op-A 31st"]
[Site "Medellin"]
[Date "2024.08.07"]
[Round "2"]
[White "Garcia Alarcon, Alvaro"]
[Black "Rivera, Ingris"]
[Result "1-0"]
[WhiteElo "2012"]
[BlackElo "2148"]
[PlyCount "81"]
[EventDate "2024.08.07"]
[EventType "swiss"]
[EventRounds "10"]
[EventCountry "COL"]
[SourceTitle "CB33_2024"]
[SourceDate "2024.08.14"]
[SourceVersion "1"]
[SourceVersionDate "2024.08.14"]
[SourceQuality "1"]

1. d4 Nf6 2. c4 g6 3. Nf3 Bg7 4. Nc3 0-0 5. e4 d6 6. Be2 e5 7. d5 Nbd7 8. h3 Nc5 9. Qc2 a5 10. Bg5 h6 11. Be3 Nh5 12. Qd2 Kh7 13. Bxc5 dxc5 14. 0-0-0 Nf4 15. Bf1 f5 16. Qe3 Qe7 17. g3 Nh5 18. exf5 gxf5 19. Bd3 Kg8 20. Bc2 f4 21. gxf4 Nxf4 22. Rdg1 Rf7 23. Nxe5 Nxh3 24. Nxf7 Qxe3+ 25. fxe3 Nxg1 26. Nxh6+ Kf8 27. Rxg1 Bxh6 28. Kd2 Bd7 29. Rg6 Bg7 30. Rg3 b6 31. Bg6 Ke7 32. Rf3 Be8 33. Bxe8 Rxe8 34. b3 Rh8 35. Rf2 Rh3 36. Re2 c6 37. dxc6 Kd6 38. Nd5 Kxc6 39. Rg2 Be5 40. Rg6+ Bd6 41. Nxb6 1-0

[Event "American Continental 18th"]
[Site "Medellin"]
[Date "2024.06.02"]
[Round "11"]
[White "Echavarria, Johann"]
[Black "Rivera, Ingris"]
[Result "1-0"]
[WhiteElo "2277"]
[BlackElo "2170"]
[PlyCount "182"]
[EventDate "2024.05.24"]
[EventType "swiss"]
[EventRounds "11"]
[EventCountry "COL"]
[SourceTitle "CB23_2024"]
[SourceDate "2024.06.05"]
[SourceVersion "1"]
[SourceVersionDate "2024.06.05"]
[SourceQuality "1"]

1. d4 Nf6 2. c4 g6 3. Nc3 Bg7 4. e4 d6 5. f3 0-0 6. Bg5 c5 7. d5 a6 8. a4 e6 9. Qd2 exd5 10. cxd5 Nbd7 11. Nh3 Qa5 12. Ra2 Re8 13. Be2 Rb8 14. 0-0 Qc7 15. Rc1 b6 16. Nf2 c4 17. Nb1 b5 18. axb5 axb5 19. b4 Nb6 20. Nc3 Bd7 21. Ra5 Nc8 22. Nfd1 Rf8 23. Ne3 h6 24. Bh4 Nh5 25. Nc2 g5 26. Bf2 Qd8 27. Nd4 Qe8 28. Rca1 Nf4 29. Bf1 Rb7 30. R1a3 Be5 31. Be3 f6 32. g3 Ng6 33. Kh1 Bxd4 34. Bxd4 Ne5 35. Be2 Qh5 36. Qe3 f5 37. exf5 Qh3 38. g4 Bxf5 39. gxf5 Qxf5 40. Qe4 Nxf3 41. Qxf5 Rxf5 42. Bxf3 Rxf3 43. Rxb5 Rxc3 44. Rxb7 Rxa3 45. Rb8 Rb3 46. Rxc8+ Kf7 47. Rxc4 Kg6 48. Kg2 Kf5 49. Bc3 h5 50. Kf3 h4 51. h3 Rb1 52. Rc8 Rf1+ 53. Ke3 Rc1 54. Rf8+ Kg6 55. Kd2 Rh1 56. Rf3 g4 57. hxg4 Kg5 58. Ke2 Kxg4 59. Rf6 h3 60. Rh6 Rc1 61. Be1 Rc2+ 62. Kd3 Rh2 63. Ke3 Rb2 64. Rh4+ Kg5 65. Bg3 Rb3+ 66. Kf2 Rb2+ 67. Kf1 h2 68. Rxh2 Rxb4 69. Bxd6 Rb1+ 70. Kf2 Rd1 71. Be7+ Kf5 72. d6 Rd2+ 73. Kg3 Rd3+ 74. Kh4 Rd4+ 75. Kh5 Ke6 76. Kg5 Rd1 77. Re2+ Kd7 78. Re5 Rf1 79. Rf5 Rg1+ 80. Kf6 Rd1 81. Kg6 Rg1+ 82. Rg5 Rd1 83. Kf7 Rf1+ 84. Kg8 Rd1 85. Rg7 Rf1 86. Bf8+ Kd8 87. Ra7 Rd1 88. Be7+ Ke8 89. Ra8+ Kd7 90. Rd8+ Ke6 91. Kf8 Rh1 1-0

[Event "American Continental Rapid 18th"]
[Site "Medellin"]
[Date "2024.06.01"]
[Round "1"]
[White "Diaz Gonzalez, Ana Sofia"]
[Black "Rivera, Ingris"]
[Result "0-1"]
[WhiteElo "1717"]
[BlackElo "2160"]
[PlyCount "52"]
[EventDate "2024.06.01"]
[EventType "swiss (rapid)"]
[EventRounds "9"]
[EventCountry "COL"]
[SourceTitle "CB23_2024"]
[SourceDate "2024.06.05"]
[SourceVersion "1"]
[SourceVersionDate "2024.06.05"]
[SourceQuality "1"]

1. e4 c5 2. Nf3 d6 3. Bb5+ Nd7 4. d4 a6 5. Bxd7+ Qxd7 6. c4 cxd4 7. Qxd4 Nf6 8. Nc3 g6 9. 0-0 Bg7 10. Rd1 0-0 11. Qd3 b5 12. Nd5 bxc4 13. Qxc4 Nxd5 14. exd5 Rb8 15. Rb1 Qb5 16. Qe4 Bf5 17. Qxe7 Bxb1 18. b3 Bxa2 19. Qh4 Qxb3 20. Rf1 Qxd5 21. Ng5 h6 22. Ne4 f5 23. Ng3 f4 24. Ne2 g5 25. Qg4 Bc4 26. Re1 Rbe8 0-1

[Event "American Continental Rapid 18th"]
[Site "Medellin"]
[Date "2024.06.01"]
[Round "7"]
[White "Suarez Zapata, Hernando"]
[Black "Rivera, Ingris"]
[Result "0-1"]
[WhiteElo "1902"]
[BlackElo "2160"]
[PlyCount "132"]
[EventDate "2024.06.01"]
[EventType "swiss (rapid)"]
[EventRounds "9"]
[EventCountry "COL"]
[SourceTitle "CB23_2024"]
[SourceDate "2024.06.05"]
[SourceVersion "1"]
[SourceVersionDate "2024.06.05"]
[SourceQuality "1"]

1. d4 Nf6 2. c4 g6 3. Nc3 Bg7 4. e4 d6 5. h3 0-0 6. Nf3 c5 7. d5 e6 8. dxe6 fxe6 9. Be2 Nc6 10. 0-0 a6 11. a4 Qe7 12. Bg5 h6 13. Bh4 g5 14. Bg3 Ne8 15. Qd2 Nd4 16. Rad1 Bd7 17. e5 Bc6 18. Nxd4 cxd4 19. Qxd4 dxe5 20. Bxe5 Rf5 21. Bxg7 Nxg7 22. Qd6 Qf7 23. Bd3 Rf4 24. g3 Rf3 25. Be4 Rf8 26. Bxc6 bxc6 27. Ne4 Qf5 28. Qxc6 Qxh3 29. Rd7 Qf5 30. Re7 Qe5 31. b4 h5 32. b5 h4 33. gxh4 gxh4 34. Qc7 Qb2 35. Rxg7+ Qxg7+ 36. Qxg7+ Kxg7 37. c5 axb5 38. axb5 Rb3 39. b6 Rc8 40. Rc1 Rxb6 41. Rd1 Rb4 42. f3 Rxe4 43. fxe4 Rxc5 44. Kg2 Rc3 45. Rh1 Kf6 46. Rxh4 Ke5 47. Kf2 Kd4 48. Ke2 Re3+ 49. Kd2 Rxe4 50. Rh8 Rg4 51. Rd8+ Ke4 52. Ke2 Rg2+ 53. Kf1 Ra2 54. Re8 e5 55. Re7 Kf4 56. Rf7+ Ke3 57. Re7 e4 58. Re8 Ra1+ 59. Kg2 Kd3 60. Rd8+ Ke2 61. Re8 e3 62. Re7 Kd2 63. Rd7+ Ke1 64. Kf3 e2 65. Re7 Ra2 66. Re8 Kd1 0-1

[Event "American Continental 18th"]
[Site "Medellin"]
[Date "2024.05.30"]
[Round "9"]
[White "Hidalgo Diaz, Daniel"]
[Black "Rivera, Ingris"]
[Result "1/2-1/2"]
[WhiteElo "2357"]
[BlackElo "2170"]
[PlyCount "58"]
[EventDate "2024.05.24"]
[EventType "swiss"]
[EventRounds "11"]
[EventCountry "COL"]
[SourceTitle "CB23_2024"]
[SourceDate "2024.06.05"]
[SourceVersion "1"]
[SourceVersionDate "2024.06.05"]
[SourceQuality "1"]

1. d4 Nf6 2. Nf3 g6 3. e3 Bg7 4. Be2 0-0 5. 0-0 d5 6. b4 a5 7. b5 c5 8. bxc6 Nxc6 9. Nbd2 Bf5 10. Bb2 Rc8 11. a3 Na7 12. c4 dxc4 13. Nxc4 b5 14. Nce5 Qb6 15. Bd3 Bxd3 16. Qxd3 Nc6 17. Rfb1 Rfd8 18. Qb3 Nd5 19. Nd3 a4 20. Qa2 Na5 21. Nc5 e5 22. Rc1 exd4 23. Bxd4 Bxd4 24. exd4 Nf4 25. Rab1 Nb3 26. Nxb3 axb3 27. Qd2 Rxc1+ 28. Rxc1 Qd6 29. Rb1 Ne6 1/2-1/2

[Event "American Continental Blitz 18th"]
[Site "Medellin"]
[Date "2024.05.29"]
[Round "3"]
[White "Hernandez, Elvert"]
[Black "Rivera, Ingris"]
[Result "0-1"]
[WhiteElo "1950"]
[BlackElo "2170"]
[PlyCount "62"]
[EventDate "2024.05.29"]
[EventType "swiss (blitz)"]
[EventRounds "9"]
[EventCountry "COL"]
[SourceTitle "CB23_2024"]
[SourceDate "2024.06.05"]
[SourceVersion "1"]
[SourceVersionDate "2024.06.05"]
[SourceQuality "1"]

1. e4 c5 2. Nf3 d6 3. d4 cxd4 4. Nxd4 Nf6 5. Nc3 a6 6. Be3 e5 7. Nb3 Be6 8. f3 Be7 9. Qd2 0-0 10. 0-0-0 a5 11. a4 Nc6 12. Kb1 Nb4 13. g4 Rc8 14. g5 Nh5 15. h4 Qc7 16. Rc1 Rfd8 17. Nd5 Nxd5 18. exd5 Bd7 19. Qxa5 Qb8 20. Bb6 Rf8 21. Nd2 f5 22. Bb5 Bxb5 23. Qxb5 Nf4 24. a5 Bd8 25. Nc4 Bxb6 26. Nxb6 Rc5 27. Qb4 Qc7 28. b3 Nxd5 29. Nxd5 Rxd5 30. Rhd1 Rxa5 31. Qxd6 Qc3 0-1

[Event "American Continental 18th"]
[Site "Medellin"]
[Date "2024.05.28"]
[Round "7"]
[White "Dominguez Rincon, Miller Duvan"]
[Black "Rivera, Ingris"]
[Result "1/2-1/2"]
[WhiteElo "2003"]
[BlackElo "2170"]
[PlyCount "37"]
[EventDate "2024.05.24"]
[EventType "swiss"]
[EventRounds "11"]
[EventCountry "COL"]
[SourceTitle "CB23_2024"]
[SourceDate "2024.06.05"]
[SourceVersion "1"]
[SourceVersionDate "2024.06.05"]
[SourceQuality "1"]

1. e4 d5 2. exd5 Qxd5 3. Nc3 Qd6 4. d4 Nf6 5. Be2 a6 6. Nf3 Nc6 7. Be3 Bf5 8. a3 0-0-0 9. Qd2 e5 10. 0-0-0 exd4 11. Nxd4 Nxd4 12. Bxd4 Qe6 13. Qe3 Qxe3+ 14. Bxe3 Bd6 15. h3 Be5 16. Bc4 Bg6 17. Nd5 Nxd5 18. Bxd5 Rhe8 19. Rhe1 1/2-1/2

[Event "Guillermo Garcia Memorial-C"]
[Site "Santa Clara"]
[Date "2024.05.15"]
[Round "2"]
[White "Rivera, Ingris"]
[Black "Pastor Carvajal, Jeigoth"]
[Result "1/2-1/2"]
[WhiteElo "2170"]
[BlackElo "2072"]
[PlyCount "48"]
[EventDate "2024.05.14"]
[EventType "tourn"]
[EventRounds "9"]
[EventCountry "CUB"]
[EventCategory "1"]
[SourceTitle "CB24_2024"]
[SourceDate "2024.06.12"]
[SourceVersion "1"]
[SourceVersionDate "2024.06.12"]
[SourceQuality "1"]

1. d4 d5 2. Nf3 Nf6 3. g3 e6 4. Bg2 Be7 5. 0-0 0-0 6. c4 dxc4 7. Ne5 Qd6 8. Nxc4 Qa6 9. b3 Nc6 10. Bb2 b5 11. Ne5 Bb7 12. Nd3 Rfd8 13. e3 Nb4 14. Nxb4 Bxb4 15. Qe2 Bxg2 16. Kxg2 Qb7+ 17. Kg1 Be7 18. Rc1 Rac8 19. Nc3 a6 20. Rd1 c5 21. dxc5 Bxc5 22. Rac1 Be7 23. Rxd8+ Rxd8 24. Rd1 Rd7 1/2-1/2

[Event "Cali Olympiad Qual (Women)"]
[Site "Cali"]
[Date "2024.04.20"]
[Round "8"]
[White "Rivera, Ingris"]
[Black "Mateus, Martha"]
[Result "1/2-1/2"]
[WhiteElo "2142"]
[BlackElo "1932"]
[PlyCount "129"]
[EventDate "2024.04.16"]
[EventType "tourn"]
[EventRounds "11"]
[EventCountry "COL"]
[SourceTitle "CB21_2024"]
[SourceDate "2024.05.22"]
[SourceVersion "1"]
[SourceVersionDate "2024.05.22"]
[SourceQuality "1"]

1. d4 d5 2. c4 e6 3. Nc3 Bb4 4. e3 Nf6 5. Nf3 c5 6. cxd5 exd5 7. Bb5+ Bd7 8. Bxd7+ Nbxd7 9. 0-0 c4 10. Ne5 0-0 11. Bd2 a5 12. Qc2 Ra6 13. Rad1 Bxc3 14. Bxc3 b5 15. f3 b4 16. Be1 Re8 17. Qf5 g6 18. Qg5 Kg7 19. e4 h6 20. Qf4 dxe4 21. fxe4 Nxe5 22. dxe5 Qxd1 23. exf6+ Kg8 24. e5 Qh5 25. Qxc4 Rae6 26. Bg3 Rxe5 27. Bxe5 Qxe5 28. Qc1 Qe3+ 29. Qxe3 Rxe3 30. Rc1 Re2 31. Rc8+ Kh7 32. Ra8 Rxb2 33. Rxa5 g5 34. h4 gxh4 35. Kh2 Kg6 36. Ra6 Kg5 37. Kh3 Rf2 38. Rb6 Rxa2 39. Rb5+ Kxf6 40. Rxb4 Kg5 41. Rg4+ Kf5 42. Rxh4 Ra3+ 43. g3 Ra1 44. Rf4+ Kg6 45. Rg4+ Kf6 46. Rf4+ Kg7 47. Rg4+ Kf8 48. Rf4 Ra5 49. Rb4 Kg7 50. Rc4 Kg6 51. Rb4 f6 52. Rc4 h5 53. Rb4 Ra1 54. Rc4 Rh1+ 55. Kg2 Re1 56. Kh3 Re6 57. Ra4 Kg5 58. Rb4 f5 59. Rb8 Rg6 60. Rb4 Rf6 61. Ra4 Re6 62. Ra8 Rh6 63. Rg8+ Rg6 64. Rf8 Rg7 65. Ra8 1/2-1/2

[Event "COL-ch sf (Women)"]
[Site "Pereira"]
[Date "2024.03.31"]
[Round "8"]
[White "Rivera, Ingris"]
[Black "Mogollon Tobar, Nicolle Juliet"]
[Result "1-0"]
[WhiteElo "2142"]
[BlackElo "1956"]
[PlyCount "89"]
[EventDate "2024.03.27"]
[EventType "swiss"]
[EventRounds "9"]
[EventCountry "COL"]
[SourceTitle "CB14_2024"]
[SourceDate "2024.04.01"]
[SourceVersion "1"]
[SourceVersionDate "2024.04.01"]
[SourceQuality "1"]

1. d4 d5 2. Nf3 Nf6 3. g3 e6 4. Bg2 Be7 5. 0-0 0-0 6. c4 b6 7. cxd5 exd5 8. Nc3 Bb7 9. Bf4 c5 10. dxc5 bxc5 11. Rc1 Nbd7 12. Ne5 Nb6 13. a4 a5 14. Nb5 Ne4 15. Qc2 g5 16. Be3 f6 17. Nf3 Nc4 18. Nd2 Nxe3 19. fxe3 f5 20. Rcd1 Qb6 21. g4 c4 22. Nd4 Nxd2 23. Qxd2 fxg4 24. Nf5 Bb4 25. Bxd5+ Kh8 26. Qc2 Bxd5 27. Rxd5 Rac8 28. Qe4 Rce8 29. Qxg4 c3 30. bxc3 Bxc3 31. Rd3 Be5 32. Qh5 Qe6 33. e4 Bf4 34. Rh3 Rf7 35. e3 Be5 36. Rhf3 Rd7 37. Nh6 Bg7 38. Nf7+ Kg8 39. Nxg5 Qg6 40. Qg4 Rde7 41. Qf5 Rxe4 42. Qd5+ Kh8 43. Rg3 R4e5 44. Nf7+ Kg8 45. Nxe5+ 1-0

[Event "COL-chT (Women)"]
[Site "Risaralda"]
[Date "2023.11.20"]
[Round "3.2"]
[White "Rivera, Ingris"]
[Black "Mercado Maestre, Maria Angel"]
[Result "1-0"]
[WhiteElo "2146"]
[BlackElo "1473"]
[PlyCount "99"]
[EventDate "2023.11.19"]
[EventType "team-swiss"]
[EventRounds "7"]
[EventCountry "COL"]
[SourceTitle "CB49_2023"]
[SourceDate "2023.12.06"]
[SourceVersion "1"]
[SourceVersionDate "2023.12.06"]
[SourceQuality "1"]
[WhiteTeam "Bolivar (W)"]
[BlackTeam "Atlantico (W)"]
[WhiteTeamCountry "COL"]
[BlackTeamCountry "COL"]

1. d4 Nf6 2. c4 g6 3. Nc3 Bg7 4. e4 d6 5. h3 0-0 6. Bg5 Nbd7 7. Qd2 e5 8. d5 Nc5 9. f3 a5 10. Nge2 Qd7 11. g4 Ne8 12. Ng3 f6 13. Be3 b6 14. h4 Qe7 15. h5 g5 16. h6 Bh8 17. Be2 Bd7 18. 0-0-0 Qd8 19. Nf5 Rf7 20. Kc2 Qc8 21. b3 Qb8 22. Rb1 Qc8 23. Rhc1 Ra7 24. Kd1 Qa8 25. Ke1 Bc8 26. Nb5 Ra6 27. Kf2 Bb7 28. Rc2 Bc8 29. a3 Bb7 30. Kg3 Bc8 31. b4 Nb7 32. Nc3 axb4 33. axb4 Ra3 34. Rbb2 Bxf5 35. gxf5 Nd8 36. Ra2 Rd7 37. c5 Nf7 38. Bb5 Rd8 39. Bc6 Qa6 40. b5 Qa5 41. cxb6 cxb6 42. Rxa3 Qxa3 43. Bxb6 Rb8 44. Ra2 Qb3 45. Ba7 Rc8 46. b6 Kf8 47. b7 Rd8 48. b8Q Rxb8 49. Bxb8 Qxb8 50. Ra8 1-0

[Event "COL-chT (Women)"]
[Site "Risaralda"]
[Date "2023.11.19"]
[Round "1.2"]
[White "Rivera, Ingris"]
[Black "Lizarazo, Alba Patricia"]
[Result "1-0"]
[WhiteElo "2146"]
[BlackElo "1559"]
[PlyCount "63"]
[EventDate "2023.11.19"]
[EventType "team-swiss"]
[EventRounds "7"]
[EventCountry "COL"]
[SourceTitle "CB49_2023"]
[SourceDate "2023.12.06"]
[SourceVersion "1"]
[SourceVersionDate "2023.12.06"]
[SourceQuality "1"]
[WhiteTeam "Bolivar (W)"]
[BlackTeam "Norte de Santander (W)"]
[WhiteTeamCountry "COL"]
[BlackTeamCountry "COL"]

1. d4 d5 2. Nf3 Nf6 3. g3 Bf5 4. Bg2 e6 5. 0-0 Be7 6. c4 0-0 7. Nc3 c6 8. h3 Nbd7 9. Nh4 Bg6 10. Nxg6 fxg6 11. Qd3 Nb6 12. b3 Qd7 13. Bb2 dxc4 14. bxc4 Rad8 15. Rad1 Ne8 16. c5 Nd5 17. Ne4 g5 18. Qd2 h6 19. Qc2 Rf7 20. Nd2 Bf6 21. Nc4 b5 22. cxb6 axb6 23. e4 Nb4 24. Qb3 Qe7 25. e5 c5 26. exf6 Nxf6 27. Ne5 cxd4 28. Nxf7 Kxf7 29. Ba3 Nfd5 30. Bxd5 Rxd5 31. Qxb4 Qd7 32. Qxb6 1-0

[Event "Bucaramanga op"]
[Site "Bucaramanga"]
[Date "2023.09.07"]
[Round "3"]
[White "Rivera, Alberto"]
[Black "Rivera, Ingris"]
[Result "1/2-1/2"]
[WhiteElo "2297"]
[BlackElo "2160"]
[PlyCount "38"]
[EventDate "2023.09.06"]
[EventType "swiss"]
[EventRounds "9"]
[EventCountry "COL"]
[SourceTitle "EXT 2024"]
[Source "ChessBase"]
[SourceDate "2023.10.10"]
[SourceVersion "1"]
[SourceVersionDate "2023.10.10"]
[SourceQuality "1"]

1. d4 Nf6 2. Nf3 g6 3. c4 Bg7 4. Nc3 0-0 5. e4 d6 6. Be2 e5 7. 0-0 Nc6 8. d5 Ne7 9. Nd2 Ne8 10. b4 f5 11. Ba3 fxe4 12. Ndxe4 Nf5 13. Bc1 h6 14. Bd3 Qh4 15. Bd2 Nd4 16. f3 Qe7 17. Ne2 Nf5 18. N2c3 Nd4 19. Ne2 Nf5 1/2-1/2

[Event "Bucaramanga op"]
[Site "Bucaramanga"]
[Date "2023.09.06"]
[Round "1"]
[White "Rosado Perez, Maria Jose"]
[Black "Rivera, Ingris"]
[Result "0-1"]
[WhiteElo "1816"]
[BlackElo "2160"]
[PlyCount "50"]
[EventDate "2023.09.06"]
[EventType "swiss"]
[EventRounds "9"]
[EventCountry "COL"]
[SourceTitle "EXT 2024"]
[Source "ChessBase"]
[SourceDate "2023.10.10"]
[SourceVersion "1"]
[SourceVersionDate "2023.10.10"]
[SourceQuality "1"]

1. e4 c5 2. Nf3 d6 3. d4 cxd4 4. Nxd4 Nf6 5. f3 e5 6. Nb3 d5 7. Bg5 Be6 8. exd5 Qxd5 9. Nc3 Bb4 10. Bd2 Qd8 11. Bb5+ Nbd7 12. Qe2 0-0 13. 0-0-0 Qc7 14. g4 Rfc8 15. Bd3 a5 16. Kb1 Bxc3 17. Bxc3 Nd5 18. Bd2 a4 19. Na1 a3 20. c4 axb2 21. Nb3 N5b6 22. Bc3 Bxc4 23. Bxb2 Qc6 24. Rhe1 Qa4 25. Bxe5 Nxe5 0-1

[Event "Sunnyvale 1000 GM 07"]
[Site "Sunnyvale"]
[Date "2023.07.31"]
[Round "7"]
[White "Rivera, Ingris"]
[Black "Rajaram, Rohan"]
[Result "1-0"]
[WhiteElo "2240"]
[BlackElo "2168"]
[PlyCount "119"]
[EventDate "2023.07.28"]
[EventType "schev"]
[EventRounds "9"]
[EventCountry "USA"]
[SourceTitle "EXT 2024"]
[Source "ChessBase"]
[SourceDate "2023.10.10"]
[SourceVersion "1"]
[SourceVersionDate "2023.10.10"]
[SourceQuality "1"]

1. d4 d5 2. c4 e6 3. Nc3 Be7 4. Nf3 Nf6 5. cxd5 exd5 6. Bg5 c6 7. Qc2 g6 8. e3 Bf5 9. Bd3 Bxd3 10. Qxd3 0-0 11. 0-0 Nbd7 12. h3 Ne4 13. Bh6 Re8 14. Nxe4 dxe4 15. Qxe4 Nf6 16. Qc2 Bd6 17. Bg5 Be7 18. Ne5 Nd5 19. Bxe7 Qxe7 20. Qb3 Rad8 21. a3 Kg7 22. Rac1 f5 23. Rfe1 Nb6 24. Qc3 Rd5 25. Nd3 Qf6 26. Nf4 Rd7 27. Qc5 Qd6 28. Qa5 Qb8 29. Qd2 Qd6 30. b4 Nd5 31. Nxd5 Qxd5 32. Rc5 Qe4 33. Qc3 Kg8 34. Rc1 f4 35. exf4 Rxd4 36. f5 Rd3 37. Qb2 gxf5 38. Qf6 Qe6 39. Qg5+ Qg6 40. Qf4 Rd5 41. Rxd5 cxd5 42. Qd4 Qd6 43. Rd1 Rd8 44. Qxa7 d4 45. Qxb7 d3 46. Qf3 f4 47. g3 d2 48. Qxf4 Qd5 49. h4 Qd3 50. Qe3 Qc2 51. Qe2 Rd3 52. b5 Qc3 53. Kh2 Qd4 54. b6 Qd8 55. b7 Rd6 56. Qg4+ Kf7 57. Qf4+ Kg7 58. Rxd2 Rxd2 59. b8Q Rxf2+ 60. Kh3 1-0